[Event "Hannover-ch U14"]
[Site "Lehrte"]
[Date "2011.10.16"]
[Round "4"]
[White "Zuschlag, Jannick"]
[Black "Brannys, Gregor"]
[Result "1-0"]
[WhiteElo "938"]
[BlackElo "804"]
[PlyCount "63"]
[EventDate "2011.10.15"]
[EventType "swiss"]
[EventRounds "7"]
[EventCountry "GER"]
[SourceTitle "EXT 2021"]
[Source "ChessBase"]
[SourceDate "2020.10.23"]
[SourceVersion "1"]
[SourceVersionDate "2020.10.23"]
[SourceQuality "1"]

1. e4 e6 2. d4 d5 3. e5 c5 4. c3 Nc6 5. Nf3 cxd4 6. cxd4 Qb6 7. Nc3 Bd7 8. Be3 Qxb2 9. Bd2 Qb6 10. Nb5 f6 11. Rb1 Qd8 12. Nd6+ Bxd6 13. exd6 b6 14. Bb5 Nb8 15. Bxd7+ Nxd7 16. Qa4 Rc8 17. Qxa7 e5 18. dxe5 fxe5 19. Nxe5 Nxe5 20. Qxg7 Ng6 21. 0-0 Qxd6 22. Rbc1 Rb8 23. Be3 b5 24. Rfe1 Kd8 25. Bg5+ N8e7 26. Bxe7+ Nxe7 27. Qxh8+ Kd7 28. Qxh7 d4 29. Qh3+ Kd8 30. Qe6 d3 31. Qxd6+ Ke8 32. Qxe7# 1-0

[Event "Hannover-ch U14"]
[Site "Lehrte"]
[Date "2011.10.15"]
[Round "2"]
[White "Zuschlag, Jannick"]
[Black "Weiss, Andreas1"]
[Result "0-1"]
[WhiteElo "938"]
[BlackElo "1069"]
[PlyCount "98"]
[EventDate "2011.10.15"]
[EventType "swiss"]
[EventRounds "7"]
[EventCountry "GER"]
[SourceTitle "EXT 2021"]
[Source "ChessBase"]
[SourceDate "2020.10.23"]
[SourceVersion "1"]
[SourceVersionDate "2020.10.23"]
[SourceQuality "1"]

1. d4 d5 2. c4 e6 3. Nc3 Nf6 4. Nf3 h6 5. Bf4 Bb4 6. e3 0-0 7. Be2 Ne4 8. Qc2 Nxc3 9. bxc3 Bd6 10. Bxd6 Qxd6 11. 0-0 c6 12. c5 Qe7 13. Rfb1 Nd7 14. c4 Rb8 15. Rb2 dxc4 16. Ne5 Nxe5 17. dxe5 Qxc5 18. Qxc4 Qxe5 19. Rab1 Qd5 20. Rd1 b5 21. Qd3 Qxd3 22. Rxd3 Ba6 23. Rd7 Rb7 24. Rbd2 f6 25. a4 Rxd7 26. Rxd7 Bc8 27. Rc7 Rd8 28. Rxc6 bxa4 29. Rc1 Kf8 30. Ra1 Bd7 31. Rd1 Ke7 32. Bc4 e5 33. h3 Bc6 34. Rc1 Rc8 35. Bb5 Kd7 36. Rxc6 Rxc6 37. Bxa4 Kc7 38. Bxc6 Kxc6 39. Kf1 Kc5 40. Ke1 Kc4 41. Kd1 a5 42. Kc1 Kd3 43. g3 Ke2 44. f4 Kxe3 45. fxe5 fxe5 46. g4 Kd3 47. h4 e4 48. Kd1 a4 49. Ke1 a3 0-1

[Event "Hannover-ch U12"]
[Site "Lehrte"]
[Date "2010.10.11"]
[Round "9"]
[White "Heise, Tobias"]
[Black "Zuschlag, Jannick"]
[Result "1-0"]
[WhiteElo "1115"]
[BlackElo "1048"]
[PlyCount "51"]
[EventDate "2010.10.09"]
[EventType "swiss"]
[EventRounds "11"]
[EventCountry "GER"]
[SourceTitle "EXT 2021"]
[Source "ChessBase"]
[SourceDate "2020.10.23"]
[SourceVersion "1"]
[SourceVersionDate "2020.10.23"]
[SourceQuality "1"]

1. d4 d5 2. Nf3 Nf6 3. Bg5 Nc6 4. c4 e6 5. Nc3 Bb4 6. e3 0-0 7. a3 Bxc3+ 8. bxc3 Bd7 9. cxd5 exd5 10. c4 Qe8 11. Bxf6 gxf6 12. cxd5 Ne7 13. Bc4 c6 14. dxc6 Bxc6 15. 0-0 Rc8 16. Rc1 Qd7 17. Ba2 Ba4 18. Qd2 Nd5 19. Bb1 Rc6 20. Qd3 f5 21. Rxc6 bxc6 22. Nh4 Bb5 23. Qc2 Bxf1 24. Kxf1 Ne7 25. g4 fxg4 26. Qxh7# 1-0